| 000 | 01886nam a2200409 a 4500 | ||
|---|---|---|---|
| 001 | ebr10516642 | ||
| 003 | CaPaEBR | ||
| 006 | m u | ||
| 007 | cr cn||||||||| | ||
| 008 | 900521s1990 dcua sb 101 0 eng d | ||
| 010 | _z 90039568 | ||
| 020 | _z0930403762 | ||
| 020 | _z9780930403768 | ||
| 020 | _z9781600863813 (e-book) | ||
| 040 |
_aCaPaEBR _cCaPaEBR |
||
| 035 | _a(OCoLC)774285695 | ||
| 043 | _ad------ | ||
| 050 | 1 | 4 |
_aTL797 _b.S96 1989eb |
| 082 | 0 | 4 |
_a629.1 s _a670/.919 _220 |
| 111 | 2 |
_aSymposium on Space Commercialization: Roles of Developing Countries _d(1989 : _cNashville, Tenn.) |
|
| 245 | 1 | 0 |
_aSpace commercialization _h[electronic resource] : _bplatforms and processing / _cedited by F. Shahrokhi, G. Hazelrigg, R. Bayuzick. |
| 260 |
_aWashington, D.C. : _bAmerican Institute of Aeronautics and Astronautics, Inc., _cc1990. |
||
| 300 |
_axxi, 379 p. : _bill. |
||
| 490 | 1 |
_aProgress in astronautics and aeronautics ; _vv. 127 |
|
| 500 | _a"Technical papers selected from the Symposium on Space Commercialization: Roles of Developing Countries, Nashville, Tennessee, USA, March 1989, and subsequently revised for this volume." | ||
| 504 | _aIncludes bibliographical references and index. | ||
| 533 |
_aElectronic reproduction. _bPalo Alto, Calif. : _cebrary, _d2013. _nAvailable via World Wide Web. _nAccess may be limited to ebrary affiliated libraries. |
||
| 650 | 0 |
_aSpace stations _vCongresses. |
|
| 650 | 0 |
_aSpace industrialization _zDeveloping countries _vCongresses. |
|
| 655 | 7 |
_aElectronic books. _2local |
|
| 700 | 1 | _aShahrokhi, F. | |
| 700 | 1 | _aHazelrigg, George A. | |
| 700 | 1 | _aBayuzick, R. J. | |
| 710 | 2 | _aebrary, Inc. | |
| 830 | 0 |
_aProgress in astronautics and aeronautics ; _vv. 127. |
|
| 856 | 4 | 0 |
_uhttp://site.ebrary.com/lib/rucke/Doc?id=10516642 _zAn electronic book accessible through the World Wide Web; click to view |
| 999 |
_c121175 _d121175 |
||